Statistiques concernant Films avec Didier Bourdon par image

Cliquez ici pour prendre le quiz!

Statistiques générales

  • Ce quiz a été pris 102 fois
    (16 depuis la dernière actualisation)
  • Le résultat moyen est 6 sur 16

Statistiques - réponses

Réponse% Correct
Les Trois Frères
100%
Le Pari
88%
Les Rois mages
81%
Alibi.com
63%
Les Profs 2
63%
Nicky Larson et le Parfum de Cupidon
56%
Madame Irma
44%
Cocorico
25%
Chasse gardée
19%
Permis de construire
19%
Le téléphone sonne toujours deux fois
13%
La Promesse de l'aube
6%
Le Grand Partage
6%
Les Nouvelles Aventures de Cendrillon
6%
L'Homme parfait
6%
Mes très chers enfants
6%

Distribution des résultats

Percentile par nombre de réponses

% des personnes avec chaque résultat

Votre développement - résultats

Vous n’avez pas pris ce quiz depuis la dernière actualisation